[Event "Landesliga Nord 1516"]
[Site "Bayern"]
[Date "2015.10.25"]
[Round "2.8"]
[White "Kuehn, Alexander1111"]
[Black "Buecker, Florian"]
[Result "1-0"]
[WhiteElo "1762"]
[BlackElo "1949"]
[PlyCount "63"]
[EventDate "2015.10.11"]
[EventType "team-tourn"]
[EventRounds "9"]
[EventCountry "GER"]
[SourceTitle "EXT 2018"]
[Source "ChessBase"]
[SourceDate "2017.10.13"]
[SourceVersion "1"]
[SourceVersionDate "2017.10.13"]
[SourceQuality "1"]
[WhiteTeam "Rottendorf"]
[BlackTeam "Bamberg SC"]
[WhiteTeamCountry "GER"]
[BlackTeamCountry "GER"]

1. e4 e6 2. d4 d5 3. exd5 exd5 4. c4 c6 5. Nc3 Be7 6. Nf3 Nf6 7. Be2 0-0 8. 0-0 dxc4 9. Bxc4 Nbd7 10. Ne5 Nb6 11. Bb3 Nfd5 12. Qd3 Bf6 13. Bc2 g6 14. Bh6 Nb4 15. Qe2 Nxc2 16. Qxc2 Re8 17. Rad1 Bf5 18. Qb3 Be6 19. Qc2 Qe7 20. Rfe1 Rad8 21. Ne4 Bf5 22. Qe2 Bxe4 23. Qxe4 Nd5 24. Qb1 Qd6 25. Re4 Re6 26. Rde1 Rde8 27. f4 Ne7 28. Nxf7 Bxd4+ 29. Kf1 Kxf7 30. Rxe6 Qc5 31. Qe4 Bg1 32. Rxe7+ 1-0

[Event "Regionalliga NW 1314"]
[Site "Bayern"]
[Date "2013.11.24"]
[Round "3.5"]
[White "Weck, Hans"]
[Black "Buecker, Florian"]
[Result "1-0"]
[WhiteElo "1980"]
[BlackElo "1981"]
[PlyCount "99"]
[EventDate "2013.10.13"]
[EventType "team-tourn"]
[EventRounds "9"]
[EventCountry "GER"]
[SourceTitle "EXT 2015"]
[Source "ChessBase"]
[SourceDate "2014.11.20"]
[SourceVersion "1"]
[SourceVersionDate "2014.11.20"]
[SourceQuality "1"]
[WhiteTeam "Bad Neustadt"]
[BlackTeam "Bamberg"]
[WhiteTeamCountry "GER"]
[BlackTeamCountry "GER"]

1. Nf3 Nf6 2. g3 c5 3. Bg2 Nc6 4. 0-0 g6 5. d3 Bg7 6. e4 d6 7. Nbd2 Bd7 8. a4 0-0 9. Nc4 Qc7 10. Bf4 Nh5 11. Bg5 Be6 12. c3 b6 13. Ne3 h6 14. Nd5 Bxd5 15. exd5 hxg5 16. dxc6 Bf6 17. d4 e6 18. d5 e5 19. Bh3 Qe7 20. Re1 Bg7 21. Qd2 f6 22. Be6+ Kh7 23. b4 Bh6 24. Qc2 Ng7 25. Bd7 Rad8 26. bxc5 bxc5 27. Rab1 Rxd7 28. cxd7 Qxd7 29. Rb5 g4 30. Nh4 f5 31. Reb1 Qf7 32. c4 e4 33. Rb7 Qe8 34. Qc3 e3 35. f4 gxf3 36. Nxf3 Rf7 37. Rxf7 Qxf7 38. a5 Qe8 39. Rb7 Qc8 40. a6 f4 41. Ng5+ Kg8 42. Nf7 Qh3 43. Qf6 e2 44. Rb8+ Ne8 45. Nxh6+ Kh7 46. Rb7+ Kxh6 47. Qxf4+ g5 48. Qf8+ Kh5 49. Qxe8+ Kg4 50. Qxe2+ 1-0

[Event "Landesliga Nord 1213"]
[Site "Bayern"]
[Date "2012.11.25"]
[Round "3.6"]
[White "Buecker, Florian"]
[Black "Gerl, Hans Peter"]
[Result "1-0"]
[WhiteElo "2030"]
[BlackElo "1930"]
[PlyCount "111"]
[EventDate "2012.10.14"]
[EventType "team-tourn"]
[EventRounds "9"]
[EventCountry "GER"]
[SourceTitle "EXT 2015"]
[Source "ChessBase"]
[SourceDate "2014.11.20"]
[SourceVersion "1"]
[SourceVersionDate "2014.11.20"]
[SourceQuality "1"]
[WhiteTeam "Bamberg"]
[BlackTeam "Zirndorf"]
[WhiteTeamCountry "GER"]
[BlackTeamCountry "GER"]

1. d4 Nf6 2. Nf3 e6 3. c4 b6 4. g3 Ba6 5. Nbd2 Bb7 6. Bg2 Be7 7. 0-0 c5 8. b3 cxd4 9. Bb2 0-0 10. Nxd4 Bxg2 11. Kxg2 Qc8 12. N2f3 Qb7 13. Qd2 a6 14. Rac1 d6 15. Kg1 Nbd7 16. Rfd1 Rfd8 17. Qe3 Nc5 18. Ng5 h6 19. Nh3 Qd7 20. Qf3 Rac8 21. Kg2 Nce4 22. Nc2 b5 23. Ne3 Qe8 24. Ng4 Nxg4 25. Qxe4 Nf6 26. Qb7 bxc4 27. Qxa6 cxb3 28. axb3 d5 29. Nf4 Ra8 30. Qd3 Ne4 31. Nh5 f6 32. Nf4 Qd7 33. f3 Nc5 34. Qg6 Qe8 35. Bxf6 Qxg6 36. Nxg6 Bxf6 37. Rxc5 Ra2 38. Kf1 Rb8 39. Rc6 Kf7 40. Nf4 Rxb3 41. Nxe6 Re3 42. Nf4 d4 43. h4 g5 44. Rxf6+ Kxf6 45. Nd5+ Ke6 46. Nxe3 dxe3 47. hxg5 Rd2 48. Ke1 Rxd1+ 49. Kxd1 hxg5 50. Kc2 Kd5 51. Kb3 g4 52. fxg4 Ke5 53. Kc3 Kf6 54. Kd3 Kg5 55. Kxe3 Kxg4 56. Kf2 1-0

[Event "Landesliga Nord 1011"]
[Site "Bayern"]
[Date "2011.04.10"]
[Round "9.8"]
[White "Buecker, Florian"]
[Black "Dotzauer, Ernst"]
[Result "1/2-1/2"]
[WhiteElo "1860"]
[BlackElo "1865"]
[PlyCount "126"]
[EventDate "2010.10.10"]
[EventType "team-tourn"]
[EventRounds "9"]
[EventCountry "GER"]
[SourceTitle "EXT 2012"]
[Source "ChessBase"]
[SourceDate "2011.11.24"]
[SourceVersion "1"]
[SourceVersionDate "2011.11.24"]
[SourceQuality "1"]
[WhiteTeam "Bamberg"]
[BlackTeam "Schwandorf"]
[WhiteTeamCountry "GER"]
[BlackTeamCountry "GER"]

1. d4 Nf6 2. c4 g6 3. Nc3 Bg7 4. e4 0-0 5. Nf3 d6 6. Be2 e5 7. 0-0 Nc6 8. d5 Ne7 9. Ne1 Nd7 10. f3 f5 11. Be3 f4 12. Bf2 g5 13. b4 Nf6 14. c5 Ng6 15. Rc1 Rf7 16. cxd6 cxd6 17. Nd3 h5 18. h3 Bf8 19. Be1 Rg7 20. Nf2 Nh8 21. Nb5 a6 22. Nc3 Nf7 23. a4 Nh6 24. a5 g4 25. hxg4 hxg4 26. fxg4 Nfxg4 27. Nxg4 Nxg4 28. Bxg4 Bxg4 29. Qd3 Rc8 30. Rc2 Be7 31. g3 Bh4 32. Rg2 Bh3 33. Ne2 Bxg2 34. Kxg2 Bxg3 35. Bxg3 fxg3 36. Nxg3 Qg5 37. Rf3 Qc1 38. Qe3 Qxe3 39. Rxe3 Rc4 40. b5 axb5 41. Kf3 Rxg3+ 42. Kxg3 b4 43. Kg4 Rc3 44. Re1 b3 45. Rb1 Kf7 46. Kf5 Rf3+ 47. Kg5 Ke7 48. Kg4 Re3 49. Kf5 Kd7 50. Rb2 Rf3+ 51. Kg5 Kc7 52. Rb1 Kb8 53. Kg4 Rf4+ 54. Kg5 Rxe4 55. Rxb3 Kc7 56. Kf5 Rc4 57. Rh3 Rc5 58. Rh7+ Kb8 59. Ke6 Rxa5 60. Kxd6 e4 61. Rh4 e3 62. Re4 Ra3 63. Ke7 Rd3 1/2-1/2

[Event "GER-chT U16"]
[Site "Verden an der Aller"]
[Date "2009.12.29"]
[Round "5.2"]
[White "Leithold, Christian"]
[Black "Buecker, Florian"]
[Result "0-1"]
[WhiteElo "1338"]
[BlackElo "1628"]
[PlyCount "106"]
[EventDate "2009.12.27"]
[EventType "team-swiss"]
[EventRounds "7"]
[EventCountry "GER"]
[SourceTitle "EXT 2022"]
[Source "ChessBase"]
[SourceDate "2021.10.06"]
[SourceVersion "1"]
[SourceVersionDate "2021.10.06"]
[SourceQuality "1"]
[WhiteTeam "Dresden Striesen U16"]
[BlackTeam "Bamberg SC U16"]
[WhiteTeamCountry "GER"]
[BlackTeamCountry "GER"]

1. e4 e6 2. d4 d5 3. e5 c5 4. c3 Nc6 5. Nf3 Qb6 6. Bd3 Bd7 7. Bc2 Rc8 8. a3 Nge7 9. 0-0 cxd4 10. cxd4 Ng6 11. Nc3 Na5 12. Ba4 Bxa4 13. Qxa4+ Rc6 14. Qb5 Qxb5 15. Nxb5 a6 16. Nc3 Nb3 17. Rb1 Bxa3 18. bxa3 Rxc3 19. Nd2 Nxd4 20. Bb2 Rd3 21. Bxd4 Rxd4 22. Nf3 Ra4 23. Rxb7 0-0 24. Ra1 Rc8 25. Ng5 Rf8 26. Rb4 Rxb4 27. axb4 Rb8 28. Rxa6 Rxb4 29. Ra8+ Nf8 30. g3 h6 31. Nf3 g6 32. Rd8 Kg7 33. h4 Rb7 34. Kg2 Nd7 35. Rc8 Nb6 36. Rd8 Nc4 37. g4 Rb2 38. Kg3 Re2 39. Ra8 Nxe5 40. Nxe5 Rxe5 41. Ra5 Re4 42. Ra2 Rc4 43. Rd2 Kf6 44. f3 Ke7 45. Kf2 Kd6 46. Ke3 e5 47. Kf2 f5 48. gxf5 gxf5 49. Kg3 Rc3 50. Kf2 d4 51. f4 Rh3 52. fxe5+ Kxe5 53. Kg2 Rxh4 0-1

[Event "Oberfranken-ch op 0607"]
[Site "Schney"]
[Date "2007.01.05"]
[Round "7"]
[White "Pflug, Anton"]
[Black "Buecker, Florian"]
[Result "0-1"]
[WhiteElo "960"]
[BlackElo "1270"]
[PlyCount "80"]
[EventDate "2007.01.02"]
[EventType "swiss"]
[EventRounds "9"]
[EventCountry "GER"]
[SourceTitle "EXT 2024"]
[Source "ChessBase"]
[SourceDate "2023.10.10"]
[SourceVersion "1"]
[SourceVersionDate "2023.10.10"]
[SourceQuality "1"]

1. e4 e6 2. d3 d5 3. e5 c5 4. d4 Nc6 5. Nf3 Qb6 6. Be3 Qxb2 7. Nbd2 cxd4 8. Bxd4 Nxd4 9. Nxd4 Qxd4 10. Nf3 Bb4+ 11. Nd2 Bxd2+ 12. Qxd2 Qxa1+ 13. Qd1 Qxd1+ 14. Kxd1 Ne7 15. Bd3 Ng6 16. Re1 0-0 17. f3 Bd7 18. c4 Ba4+ 19. Kc1 dxc4 20. Bxc4 Rac8 21. Re4 b5 22. Kb2 Rxc4 23. Rxc4 bxc4 24. Ka3 Bd1 25. Kb4 Be2 26. Kc3 Bf1 27. g4 Nf4 28. Kd2 Bd3 29. h4 Rb8 30. Ke3 Nd5+ 31. Kf2 Rb2+ 32. Kg3 Rxa2 33. h5 Bf1 34. Kh4 Ra3 35. Kg3 Be2 36. Kh4 Bxf3 37. h6 Bg2 38. Kg5 f6+ 39. exf6 gxf6+ 40. Kh5 Rh3# 0-1

[Event "Oberfranken-ch op 0607"]
[Site "Schney"]
[Date "2007.01.03"]
[Round "5"]
[White "Von Loeffelholz, Martin"]
[Black "Buecker, Florian"]
[Result "1-0"]
[WhiteElo "1139"]
[BlackElo "1270"]
[PlyCount "69"]
[EventDate "2007.01.02"]
[EventType "swiss"]
[EventRounds "9"]
[EventCountry "GER"]
[SourceTitle "EXT 2024"]
[Source "ChessBase"]
[SourceDate "2023.10.10"]
[SourceVersion "1"]
[SourceVersionDate "2023.10.10"]
[SourceQuality "1"]

1. e4 e6 2. d4 d5 3. e5 c5 4. Nf3 Nc6 5. Nc3 Qb6 6. Bb5 Bd7 7. Bxc6 Bxc6 8. 0-0 cxd4 9. Qxd4 Bc5 10. Qg4 g6 11. Qf4 Ne7 12. Qf6 0-0-0 13. Qxf7 Bb5 14. Nxb5 Rdf8 15. Qg7 Nf5 16. Qc7+ Qxc7 17. Nxc7 Kxc7 18. Bd2 Nd4 19. Nxd4 Bxd4 20. Bc3 Bxc3 21. bxc3 Rf5 22. f4 b6 23. a4 Kb7 24. Rab1 Rc8 25. Rb3 Rc4 26. a5 Rcxf4 27. Rfb1 Rxe5 28. axb6 axb6 29. Rxb6+ Kc7 30. Rb7+ Kd8 31. Rxh7 Kc8 32. Rd1 Kb8 33. Rb1+ Kc8 34. h3 Rff5 35. Rbb7 1-0